000 00694nam a2200205Ia 4500
005 20260121110243.0
008 008 260114s9999 xx 000 0 hin d
020 _a9788132355236
037 _aEBOOK
040 _aCRL
_bhin
_cCRL
041 _ahin
_2hin
084 _qCRL
100 _aजिग्नेश कुमार / Jignesh Kumar
_9943921
245 0 _aसामाजिक नीति और सामाजिक विकास / Samajik Neeti Aur Samajik Vikas
260 _bभाषा प्रकाशन / Bhasha Prakashan
_c2021
856 _uhttps://bhashaprakashan.com/product-details/378660
942 _cEBOOK
999 _c1535586
_d1535586